All Stands in Jojo's Bizarre Adventure:Diamond is Unbreakable - Statistics

General Stats
  • This quiz has been taken 154 times
  • The average score is 16 of 27
Answer Stats
Hint Answer % Correct
Josuke Higashikata Crazy Diamond
99%
Jotaro Kujo Star Platinum
99%
Okuyasu Nijimura The Hand
99%
Koichi Hirose Echoes
95%
Rohan Kishibe Heaven's Door
95%
Joseph Joestar Hermit Purple
82%
Keicho Nijimura Bad Company
69%
Shigekiyo Yangu Harvest
61%
Tonio Trussardi Pearl Jam
60%
Aya Tsuji Cinderella
58%
Yuya Fungami Highway Star
57%
Anjuro Katagiri Aqua Necklace
56%
Yukako Yamagishi Love Deluxe
56%
Yoshikage Kira (Kosaku Kawajiri) Killer Queen: Bites The Dust
54%
Akira Otoishi Red Hot Chill Peppers
53%
Yoshikage Kira Sheer Heart Attack
51%
Tamami Kobayashi The Lock
51%
Toshikazu Hazamada Surface
48%
Bug-Eaten Ratt
47%
Shizuka Joestar Achtung Baby
46%
Mikitaka Hazekura Earth, Wind and Fire
46%
Masazo Kinoto Cheap Trick
45%
Tama Stray Cat
45%
Toyohiro Kanedaichi Super Fly
43%
Yoshihiro Kira Atom Heart Father
42%
Terunosuke Miyamoto Enigma
40%
Ken Oyanagi Boy II Man
36%
No matching quizzes found
Score Distribution
Percent of People with Each Score
Percentile by Number Answered
Your Score History
You have not taken this quiz